000 01136nam a2200289 a 4500
001 000000546
003 DO-SdBNP
005 20240305135409.0
008 090130s2007 dr 000 0 spa d
020 _a9789945856729
020 _a9945856723
040 _aDO-SdBNP
_bspa
_cBNPHU
082 4 _a928.61
_bG216t
_222
100 1 _aPérez Espinal, Ivelisse
_91803
245 1 0 _aTodo acerca de Gabriel García Márquez /
_cIvelisse Pérez Espinal.
260 _aSanto Domingo :
_bViento y Borra,
_c2007.
300 _a38 p. ;
_c20 cm.
490 1 _aCuaderno de Viento y Borra
505 0 _tCronología --
_tBibliografía activa --
_tBibliografía pasiva --
_tPremios y reconocimientos recibidos --
_tFilmografía en DVD --
_tFragmentos de Cien años de soledad --
_tAguas virtuales para navegar --
_tCatálogos locales.
586 _aLibro autografiado por la autora
590 _aInventariado, 2021 / DG
600 1 0 _aGarcía Márquez, Gabriel,
_b1928-2014
_91804
650 4 _aAutores colombianos
_xBiografías
_91805
830 0 _aCuaderno de Viento y Borra
_91806
910 _aD/G/Validado. Control de calidad MFF
942 _2ddc
_cLF2
999 _c544
_d544